=LDR 00000nam 2200000 4500 =001 INLIS000000000044438 =005 20131008105854 =008 ***********************************Ind** =035 ##$$0010-101300000002360 =041 ##$$a Ind =082 ##$$a 028.5 =090 ##$$a 028.5, Ram d =100 ##$$a Barbie =260 ##$$b 2009 =300 ##$$a 26 hlm, ilus, 20 cm =650 ##$$a bacaan Anak-anak =850 ##$$a NBPNMAT